000 00317nam a2200109Ia 4500
008 220204s9999 xx 000 0 und d
082 _a634.614
_bSHA
245 0 _aOil palm stem cultivation: Review of research. FRIM Research pamphlet No. 107
260 _aKuala Lumpur
_bFRIM
_c1991
700 _aShaari, K
942 _cBK
999 _c43654
_d43654